000 01065cam a22002894a 4500
005 20260322212045.0
008 data
010 _a 2003003792
020 _a1401902197
020 _a9781401902193
040 _aDLC
_cDLC
_dDLC
042 _apcc
050 0 0 _aBF697.5.S47
_bH388 2004
082 0 0 _a158
_221
092 _a158 Hay 2004
100 1 _aHay, Louise L.
245 1 0 _aI can do it! :
_bhow to use affirmations to change your life /
_cLouise L. Hay.
260 _aCarlsbad, Calif. :
_bHay House,
_cc2004.
300 _axxi, 77 p. :
_bill. ;
_c18 cm. +
_e1 sound disc (4 3/4 in. ; 4 3/4 in.)
505 0 _aHealth -- Forgiveness -- Prosperity -- Creativity --Relationships/romance -- Job success -- Stress-free living --Self-esteem.
650 0 _aAffirmations.
650 0 _aSelf-talk.
650 0 _aChange (Psychology)
856 4 2 _3Contributor biographical information
_uhttp://www.loc.gov/catdir/enhancements/fy1408/2003003792-b.html
856 4 2 _3Publisher description
_uhttp://www.loc.gov/catdir/enhancements/fy1505/2003003792-d.html
001 data
999 _c1059
_d1059